00735nam a2200157Ia 4500008004100000100002400041245010300065245016800168260005300336260000900389300001100398650001500409856006100424999001900485952007300504170221s9999 xx 000 0 und d aNailya Sh. Valeyeva 4aThe Managerial Mechanism of Social Sphere Future Specialists’ Professional World View Formation  cNailya Sh. Valeyeva, Roman V. Kupriyanov, Elvira R. Valeyeva, Marina I. Nadeyeva, Tatyana N. Guryanova, Natalya I. Yurtayeva, Zhanna E. Kaysarova, Albina A. Safina bInternational Review of Management and Marketing c2016 a6 : 2S xMarketing. uhttp://www.econjournals.com/index.php/irmm/issue/view/71 c308562d308562 001040aCLbCLd2017-02-21l0r2017-02-21 00:00:00w2017-02-21yFOJ